| 000 | 00527nam a2200193Ia 4500 | ||
|---|---|---|---|
| 003 | OSt | ||
| 005 | 20230615162526.0 | ||
| 008 | 210423s2012 xx 000 0 und d | ||
| 040 | _cAL | ||
| 082 |
_a621.38132 KAKS _223 |
||
| 100 |
_aKAKANI (S L);BHANDARI (K C). _997625 |
||
| 245 | _aElectronic devices and circuits. | ||
| 260 |
_aNew Delhi _bViva Books Pvt Ltd _c2012 |
||
| 300 |
_axxviii,1106 _bPB |
||
| 365 |
_b795 _cINR |
||
| 650 |
_aElectronics _997626 |
||
| 906 | _acircuits. ; devices ; Electronic | ||
| 942 |
_2ddc _cBK |
||
| 999 |
_c162025 _d162025 |
||